| 000 | 00623cam a2200193 4500 | ||
|---|---|---|---|
| 001 | 6976 | ||
| 005 | 20250610155309.0 | ||
| 008 | 250610b |||||||| |||| 00| 0 eng d | ||
| 020 | _a9780631206590 | ||
| 082 | _a306 HER | ||
| 100 | _aHerzfeld, Michael. | ||
| 245 | 0 | 0 |
_aAnthropology : _b theoretical practice in culture and society. |
| 260 |
_aOxford : _bBlackwell Publishers., _c2001. |
||
| 300 |
_ax, 354 p. : _bill., ; _c25 cm. |
||
| 504 | _aIncludes bibliographical references and index. | ||
| 650 | 0 |
_aAutobiography _xWomen authors. |
|
| 650 | 0 |
_aLiterature _xWomen authors _xHistory and criticism. |
|
| 942 |
_2ddc _cMAIN |
||
| 999 |
_c10354 _d10355 |
||